000 00607cam a22001814a 4500
005 20250605164353.0
008 250528s ||||||||||||||||||||||||d
035 _a24163
040 _aGR-AtMCL
_bgre
_dGR-AtMCL
_eAACR2
245 1 _aUtilising Innovation to Improve Bogies and Wheelsets Design
260 _bGlobal Railway,
_c2020
300 _a57
520 _aTransforming Rail Freight in the Digital Era, Improving the Motivation and Skills of the Workforce, Project Update: The Fermernbelt Crossing.
700 1 _aWaters Craig
_99421
942 _cCR
999 _c9060
_d9060